000 00531nam a22001697a 4500
005 20251108172736.0
008 250721s2002 xx 000 0 ara d
082 1 4 _a793.73/طاء
100 1 _aالطائي، منى أحمد
_eمؤلف
245 1 0 _aأحاجي و ألغاز للكبار والصغار :
_bطرائف وألعاب /
264 1 _aعمان :
_bدار الإسراء،
_c2002.
300 _a96ص.
650 1 7 _aالألغاز
650 1 7 _aالفكاهة والنوادر
942 _2ddc
_cBK
999 _c87345
_d87345